| 000 | 01253nam a2200289Ia 4500 | ||
|---|---|---|---|
| 003 | OSt | ||
| 005 | 20221005105625.0 | ||
| 006 | a|||||r|||| 00| 0 | ||
| 007 | ta | ||
| 008 | 221004b |||||||| |||| 00| 0 hin d | ||
| 020 |
_a8181436326 (hbk) _c300 |
||
| 024 | _a16373 | ||
| 037 |
_bCBS/247, 28/01/2015, Classic Book Service _cTextual |
||
| 040 |
_aCRL _cCRL _bhin |
||
| 041 |
_2hin _ahin |
||
| 082 | _aO111,3NKAx, 152P7 | ||
| 100 | _aकक्कड़, सुधीर | ||
| 245 | 0 |
_aअंतरंगता का स्वप्न _b भारतीय समाज में प्रेम और सेक्स |
|
| 246 | _aAantarangatā kā svapna: bhāratīya samāj mean prem aur seksa | ||
| 260 |
_aनई दिल्ली _bवाणी प्रकाशन भारत _c2007 |
||
| 300 |
_a236पृ0 _ccm. |
||
| 490 | _aसामयिक विमर्श | ||
| 650 | _aहिन्दी साहित्य | ||
| 700 |
_a दुबे, अभय कुमार, अनु. _9623680 |
||
| 942 |
_hO111,3NKAx, 152P7 _cTEXL _2cc |
||
| 999 |
_c1016386 _d1016386 |
||